| 000 -CABECERA |
| campo de control de longitud fija |
01060nam a22002177a 4500 |
| 003 - IDENTIFICADOR DEL NÚMERO DE CONTROL |
| campo de control |
OSt |
| 005 - FECHA Y HORA DE LA ÚLTIMA TRANSACCIÓN |
| campo de control |
20210204120201.0 |
| 008 - DATOS DE LONGITUD FIJA--INFORMACIÓN GENERAL |
| campo de control de longitud fija |
210204b ||||| |||| 00| 0 spa d |
| 020 ## - NÚMERO INTERNACIONAL ESTÁNDAR DEL LIBRO |
| Número Internacional Estándar del Libro |
9789584281661 |
| 040 ## - FUENTE DE LA CATALOGACIÓN |
| Centro/agencia transcriptor |
CO-MqBPB |
| 082 ## - NÚMERO DE LA CLASIFICACIÓN DECIMAL DEWEY |
| Número de clasificación |
JN |
| Número de documento/Ítem |
C17p |
| 100 ## - ENTRADA PRINCIPAL--NOMBRE DE PERSONA |
| Nombre de persona |
Cardona Gómez, Ana Maria. |
| 245 ## - MENCIÓN DE TÍTULO |
| Título |
Pastillas y cheesecake de limón/ |
| Mención de responsabilidad, etc. |
Ana María Cardona Gómez |
| 264 ## - PRODUCCIÓN, PUBLICACIÓN, DISTRIBUCIÓN, FABRICACIÓN Y COPYRIGHT |
| Producción, publicación, distribución, fabricación y copyright |
Bgotá : |
| Nombre del de productor, editor, distribuidor, fabricante |
Espasa, |
| Fecha de producción, publicación, distribución, fabricación o copyright |
2019. |
| 300 ## - DESCRIPCIÓN FÍSICA |
| Extensión |
141 pg. |
| Otras características físicas |
Pasta Rústica. |
| Dimensiones |
23 cm |
| 500 ## - NOTA GENERAL |
| Nota general |
En este libro de las primeras veces cuento cómo he sentido desde niña una fractura entre mi cuerpo y mi mente, entre mi mente y el mundo. Es un relato sobre cómo es crecer en una sociedad que parece regirse por las normas de un manual de convivencia de colegio católico, y sobre cómo me entiendo a mí misma a partir de mi relación con el sexo y el dolor; con el vacío que quisiera convertir en algo fértil, y con la muerte, siempre presente, siempre tan diva. |
| 650 ## - PUNTO DE ACCESO ADICIONAL DE MATERIA--TÉRMINO DE MATERIA |
| Fuente del encabezamiento o término |
Literatura |
| Subdivisión de forma |
Juvenil |
| 650 ## - PUNTO DE ACCESO ADICIONAL DE MATERIA--TÉRMINO DE MATERIA |
| Fuente del encabezamiento o término |
Literatura |
| Subdivisión de forma |
Sexo |
| 650 ## - PUNTO DE ACCESO ADICIONAL DE MATERIA--TÉRMINO DE MATERIA |
| Fuente del encabezamiento o término |
Literatura |
| Subdivisión de forma |
Dolor |
| 942 ## - ELEMENTOS DE PUNTO DE ACCESO ADICIONAL (KOHA) |
| Fuente del sistema de clasificación o colocación |
|
| Tipo de ítem Koha |
Libro Literatura |